The Lowenfeld mosaic test
Saved in:
| Main Author: | |
|---|---|
| Format: | Book |
| Language: | English |
| Published: |
Quainton :
Margater Lowenfeld Trust,
1995
|
| Subjects: | |
| Tags: |
Add Tag
No Tags, Be the first to tag this record!
|
MARC
| LEADER | 00000nam a2200000 i 4500 | ||
|---|---|---|---|
| 001 | 1/102621 | ||
| 008 | 000225s1995 eng d | ||
| 020 | |a 0-952-1788-1-8 | ||
| 035 | |l 10058156 | ||
| 040 | |a GR-MY-UA |b gre |e aacr | ||
| 041 | 0 | |a eng | |
| 082 | 0 | |a 158.1 | |
| 100 | 1 | |a Lowenfeld, Margaret |d 1890- | |
| 245 | 1 | 4 | |a The Lowenfeld mosaic test / |c Margaret Lowenfeld |
| 260 | |a Quainton : |b Margater Lowenfeld Trust, |c 1995 | ||
| 300 | |a 535 p. |e supplement | ||
| 500 | |a Συνοδεύεται από συμπλήρωμα: The Lowenfeld mosaic test full colour supplement with index, περιέχει 144 εγχρ. εικ. | ||
| 650 | 0 | 0 | |a Personality tests. |
| 852 | |a INST |b RHODES |e 20000225 |h 158.1 LOW |p 005400011809 |q 005400011809 |t BK |y 0 | ||
| 852 | |a INST |b RHODES |e 20000225 |h 158.1 LOW |p 005400013859 |q 005400013859 |t BK |y 0 | ||
| 901 | |a BIBL4-2000-1 | ||
| 909 | |a Ρ |b 065983 | ||
| 909 | |a Ρ |b 065984 | ||
| 922 | |a 4ΕΛΗ |b 199905 |c ΚΠΣ/154 |d LEADER BOOKS | ||
| 970 | |a ΚΟΥΛΑΚΙΟΤΗ |b ΛΙΤΣΑ |z 2000/02/25 | ||